| 000 | nam a22 7a 4500 | ||
|---|---|---|---|
| 999 |
_c127726 _d127726 |
||
| 008 | 180321b xxu||||| |||| 00| 0 eng d | ||
| 020 | _a0937495093 | ||
| 050 | _aBS2515.J28 | ||
| 100 |
_aJaki, Staneley L. _940811 |
||
| 245 |
_aAnd on this rock: _bthe witness of one land and two covenants _c/by Stanley L. Jaki |
||
| 250 | _a2nd rev ed. | ||
| 260 |
_aVirginia: _bTrinity Communications Manassas, _c1987 |
||
| 300 |
_a128p.; _c21cm. |
||
| 600 |
_aPeter, the apostle, st. _940812 |
||
| 600 |
_aBaniyas, Syria _940813 |
||
| 650 |
_aPope _xInfallibility _940814 |
||
| 942 |
_2lcc _cMONOGRAPH |
||